书目信息 |
| 题名: |
工业控制网络与人机界面组态技术
|
|
| 作者: | 岩淑霞 主编 | |
| 分册: | ||
| 出版信息: | 北京 北京理工大学出版社有限责任公司 2019 |
|
| 页数: | 207页 | |
| 开本: | 26cm | |
| 丛书名: | ||
| 单 册: | ||
| 中图分类: | TP273 , TP11 | |
| 科图分类: | ||
| 主题词: | 工业控制计算机--gong ye kong zhi ji suan ji--计算机网络 , 人机界面--ren ji jie mian--程序设计 | |
| 电子资源: | ||
| ISBN: | 978-7-5682-6798-4 | |
| 000 | 01308nam0 2200265 450 | |
| 001 | 2346982969 | |
| 005 | 20230929130539.59 | |
| 010 | @a978-7-5682-6798-4@dCNY60.00 | |
| 100 | @a20210330d2019 ekmy0chiy50 ea | |
| 101 | 0 | @achi |
| 102 | @aCN@b110000 | |
| 105 | @aak a 000yy | |
| 200 | 1 | @a工业控制网络与人机界面组态技术@Agong ye kong zhi wang luo yu ren ji jie mian zu tai ji shu@f主编岩淑霞 |
| 210 | @a北京@c北京理工大学出版社有限责任公司@d2019 | |
| 215 | @a207页@c图@d26cm | |
| 320 | @a有书目 (第207页) | |
| 330 | @a本书主要内容分为三大模块。模块一主要介绍了工业控制网络的发展历史、工业以太网概述、现场总线和OSI和TCP/IP的参考模型。数据通信基础知识主要包括数据通信系统组成;数据编码基础知识;传输差错及其检测方法;工业控制网络的节点;常用传输介质;网络拓扑结构以及网络传输介质的访问控制方式。模块二主要介绍了西门子人机界面组态软件WinCC Flexible的应用方法,并配套有大量的单项技能训练和综合技能训练内容。模块三主要介绍了简单工业控制网络构建的方法,主要起到抛砖引玉的作用,适合高职院校实验室实验之用。 | |
| 333 | @a程序设计人员 | |
| 606 | 0 | @a工业控制计算机@Agong ye kong zhi ji suan ji@x计算机网络 |
| 606 | 0 | @a人机界面@Aren ji jie mian@x程序设计 |
| 690 | @aTP273@v5 | |
| 690 | @aTP11@v5 | |
| 701 | 0 | @a岩淑霞@Ayan shu xia@4主编 |
| 801 | 0 | @aCN@b山东中教@c20230928 |
| 905 | @aBZT@dTP273@e19 | |
| 工业控制网络与人机界面组态技术/主编岩淑霞.-北京:北京理工大学出版社有限责任公司,2019 |
| 207页:图;26cm |
| 使用对象:程序设计人员 |
| ISBN 978-7-5682-6798-4:CNY60.00 |
| 本书主要内容分为三大模块。模块一主要介绍了工业控制网络的发展历史、工业以太网概述、现场总线和OSI和TCP/IP的参考模型。数据通信基础知识主要包括数据通信系统组成;数据编码基础知识;传输差错及其检测方法;工业控制网络的节点;常用传输介质;网络拓扑结构以及网络传输介质的访问控制方式。模块二主要介绍了西门子人机界面组态软件WinCC Flexible的应用方法,并配套有大量的单项技能训练和综合技能训练内容。模块三主要介绍了简单工业控制网络构建的方法,主要起到抛砖引玉的作用,适合高职院校实验室实验之用。 |
| ● |
| 相关链接 |
|
|
|
正题名:工业控制网络与人机界面组态技术
索取号:TP273/19
 
预约/预借
| 序号 | 登录号 | 条形码 | 馆藏地/架位号 | 状态 | 备注 |
| 1 | 2000972867 | 2000972867 | 第四书库/四28架B面5层5列/ [索取号:TP273/19] | 在馆 | |
| 2 | 2000972868 | 2000972868 | 第四书库/四28架B面5层5列/ [索取号:TP273/19] | 在馆 | |
| 3 | 2000972869 | 2000972869 | 第四书库/四28架B面5层5列/ [索取号:TP273/19] | 在馆 | |
| 4 | 2000972870 | 2000972870 | 第四书库/四28架B面5层5列/ [索取号:TP273/19] | 在馆 | |
| 5 | 2000972871 | 2000972871 | 第四书库/四28架B面5层5列/ [索取号:TP273/19] | 在馆 | |
| 6 | 2000972872 | 2000972872 | 第四书库/四28架B面5层5列/ [索取号:TP273/19] | 在馆 |